| 000 | 01437nam a22003137a 4500 | ||
|---|---|---|---|
| 003 | OSt | ||
| 005 | 20260413035655.0 | ||
| 008 | 260407b |||||||| |||| 00| 0 eng d | ||
| 040 |
_bEnglish. _cCvSU-CCAT Campus Library. _erda. |
||
| 050 |
_aUM HF 5548.32 _bC35 2023 |
||
| 100 |
_aCallejo, Joy Jasmine H., author. _920314 |
||
| 245 |
_aAn analysis of consumers' purchase decision for sports apparel using Facebook marketplace among Gen Z in Rosario, Cavite / _cJoy Jasmine H. Callejo, Sherilyn G. Destreza, Ferlyn Joy I. Galindez. |
||
| 260 |
_aRosario, Cavite : _bCavite State University-CCAT Campus, _c2023. |
||
| 300 |
_aii, 95 leaves : _billustrations ; _c28 cm |
||
| 500 | _aUndergraduate Thesis (BSBA) -- Cavite State University-CCAT Campus, 2023. | ||
| 504 | _aIncludes bibliographical references and appendices. | ||
| 546 | _aIn English text | ||
| 650 |
_aElectronic commerce _920315 |
||
| 650 |
_aConsumer behavior _91254 |
||
| 650 |
_aSocial media -- Economic aspects _920316 |
||
| 650 |
_aClothing and dress -- Marketing _918208 |
||
| 650 |
_aRosario (Cavite, Philippines) _910643 |
||
| 700 |
_aDestreza, Sherilyn G., author. _920317 |
||
| 700 |
_aGalindez, Ferlyn Joy I., author. _920318 |
||
| 700 |
_aDelos Trinos, Jhustyn Ryerson C., adviser. _918211 |
||
| 700 |
_aAmbas, Arman M., technical critic. _96668 |
||
| 942 |
_2lcc _cT/M/D _hHF 5548.32 C35 2023 _kUM |
||
| 999 |
_c5143 _d5143 |
||